logo

Bir Sreshtho Munshi Abdur Rouf Library
Jhenaidah Cadet College

Amphibians / (Record no. 9635)

MARC details
000 -LEADER
fixed length control field 00849cam a2200289 i 4500
001 - CONTROL NUMBER
JCCL Control Number 9635
003 - CONTROL NUMBER IDENTIFIER
JCCL marc code BD-JhCC
005 - DATE AND TIME OF LATEST TRANSACTION
control field 20180321164439.0
008 - FIXED-LENGTH DATA ELEMENTS--GENERAL INFORMATION
fixed length control field 180320t19871987nyuab b 001 0 eng
020 ## - INTERNATIONAL STANDARD BOOK NUMBER
International Standard Book Number 9781633214347 (softcover)
020 ## - INTERNATIONAL STANDARD BOOK NUMBER
International Standard Book Number 1633214346 (softcover)
035 ## - SYSTEM CONTROL NUMBER
system control number (BD-JhCC)9635
040 ## - CATALOGING SOURCE
Original cataloging agency DLC
Transcribing agency DLC
Description conventions rda
Modifying agency DLC
-- BD-JhCC
041 ## - LANGUAGE CODE
Language code of Book eng
050 00 - LIBRARY OF CONGRESS CALL NUMBER
Classification number QL641
Item number .A46 2014
082 00 - DEWEY DECIMAL CLASSIFICATION NUMBER
Classification number 597.8
DDC Edition number 23
100 ## - MAIN ENTRY--PERSONAL NAME
Personal name Minelli, Giuseppe
245 00 - TITLE STATEMENT
Title Amphibians /
Statement of responsibility, etc Giuseppe Minelli
260 ## - PUBLICATION, DISTRIBUTION, ETC. (IMPRINT)
Place of publication, distribution, etc New York :
Name of publisher, distributor, etc Facts On File Publications,
Date of publication, distribution, etc 1987.
300 ## - PHYSICAL DESCRIPTION
Pagination 57 p. :
Other physical details illustrations, maps ;
Dimensions 23 cm.
490 0# - SERIES STATEMENT
Series statement Animal science, issues and professions
504 ## - BIBLIOGRAPHY, ETC. NOTE
Bibliography, etc Includes bibliographical references and index.
650 #0 - SUBJECT ADDED ENTRY--TOPICAL TERM
Topical term or geographic name as entry element Amphibians.
700 1# - ADDED ENTRY--PERSONAL NAME
Personal name Lombardi, Martin P.,
942 ## - ADDED ENTRY ELEMENTS (KOHA)
Source of classification or shelving scheme Dewey Decimal Classification
Koha item type Reference
Holdings
Source of classification or shelving scheme Damaged status Not for loan Home library Current library Shelving location Total Checkouts Full call number Barcode Date last seen Copy number Koha item type
Dewey Decimal Classification     JCC Rouf Library JCC Rouf Library General Stacks   597.8 MIN 1987 12854 03/21/2018 C - 1 Reference

JCC Library | Contacts | JCC Home

Last Update on 23 September 2017
Copyright @ 2017-2020 JCC Rouf Library
Rouf Library, Jhenidah Cadet College (JCC), Bangladesh